000 00666nam a2200229 a 4500
001 1932541
005 20180918041728.0
008 870212s1986 cau b 001 0 eng c
010 _a 86008009
020 _a0201080125 (pbk.)
040 _aDNLM/DLC
_cDLC
_dDLC
041 _aeng
060 _aWZ 345 T686f
080 _a808.06661 TOR
082 0 0 _a808.06661 TOR
_219
100 1 _a25
101 _aEDU
245 1 0 _aFrom proposal to publication :
_cElizabeth M. Tornquist.
504 _aIncludes bibliographies and index.
906 _a7
_bcbc
_corignew
_d1
_eocip
_f19
_gy-gencatlg
942 _2ddc
_cBK
999 _c47887
_d47887